Creativity and the Agile Mind: A Multi-Disciplinary Study of a Multi-Faceted Phenomenon (Record no. 28103)
[ view plain ]
| 000 -LEADER | |
|---|---|
| fixed length control field | 00410nam a2200109Ia 4500 |
| 008 - FIXED-LENGTH DATA ELEMENTS--GENERAL INFORMATION | |
| fixed length control field | 220620s9999||||xx |||||||||||||| ||und|| |
| 245 #0 - TITLE STATEMENT | |
| Title | Creativity and the Agile Mind: A Multi-Disciplinary Study of a Multi-Faceted Phenomenon |
| 546 ## - LANGUAGE NOTE | |
| Language note | English[eng] |
| 650 ## - SUBJECT ADDED ENTRY--TOPICAL TERM | |
| Topical term or geographic name entry element | Creativity||Language||Visual Communication||Music||Cognitive Science |
| 700 ## - ADDED ENTRY--PERSONAL NAME | |
| Personal name | Veale, Tony||Feyaerts, Kurt||Forceville, Charles |
| 942 ## - ADDED ENTRY ELEMENTS (KOHA) | |
| Koha item type | E-Books |
| Withdrawn status | Lost status | Damaged status | Not for loan | Home library | Current library | Date acquired | Total Checkouts | Date last seen | Price effective from | Koha item type |
|---|---|---|---|---|---|---|---|---|---|---|
| Kerala University of Digital Sciences, Innovation and Technology Knowledge Centre | Kerala University of Digital Sciences, Innovation and Technology Knowledge Centre | 20/06/2022 | 20/06/2022 | 20/06/2022 | E-Books |